Below the Belt Anatomy Click Quiz - Statistics

General Stats
  • This quiz has been taken 254 times
  • The average score is 17 of 20
Answer Stats
Hint Answer % Correct
Biceps Above
96%
Achilles Below
92%
Sternum Above
91%
Aorta Above
91%
Larynx Above
91%
Clavicle Above
90%
Scapula Above
89%
Gluteus Maximus Below
89%
Hamstring Below
89%
Thymus Gland Above
85%
Femur Below
85%
Mandible Above
81%
Carpals Above
80%
Ulna Above
78%
Humerus Above
77%
Tibia Below
76%
Coccyx Below
75%
Patella Below
75%
Quadriceps Below
65%
Metatarsals Below
63%
No matching quizzes found
Score Distribution
Percent of People with Each Score
Percentile by Number Answered
Your Score History
You have not taken this quiz